|
|
|
|
| LEADER |
00777nam a2200217Ia 4500 |
| 001 |
CTU_147595 |
| 008 |
210402s9999 xx 000 0 und d |
| 020 |
|
|
|c 44000
|
| 082 |
|
|
|a 335
|
| 082 |
|
|
|b Qu121
|
| 100 |
|
|
|a Lê, Minh Quân
|
| 245 |
|
0 |
|a Tư tưởng chính trị của C. Mác, Ph. Ăngghen,V. I. Lênin và Hồ Chí Minh
|
| 245 |
|
0 |
|b (Sách chuyên khảo)
|
| 245 |
|
0 |
|c Lê Minh Quân
|
| 260 |
|
|
|a Hà Nội
|
| 260 |
|
|
|b Chính trị Quốc gia
|
| 260 |
|
|
|c 2009
|
| 650 |
|
|
|a Socialism,Lênin, Vladimir Ilyich,Mác, Các,Ănghen, Phriđrich,Chủ nghĩa xã hội,Hồ, Chí Minh
|
| 650 |
|
|
|y 1870 -1924,1818-1883,1820-1895,1890-1969
|
| 904 |
|
|
|i Nguyên
|
| 980 |
|
|
|a Trung tâm Học liệu Trường Đại học Cần Thơ
|